Enseigner et apprendre, (Record no. 273)

MARC details
000 -LEADER
campo de control de longitud fija 00487 a2200133 4500
020 ## - NÚMERO INTERNACIONAL ESTÁNDAR DEL LIBRO
Número Internacional Estándar del Libro 2872840141
082 ## - NÚMERO DE LA CLASIFICACIÓN DECIMAL DEWEY
Número de clasificación 707
Número de ítem F486e
100 ## - ENTRADA PRINCIPAL--NOMBRE DE PERSONA
Nombre de persona Filliou, Robert
9 (RLIN) 1256
245 ## - MENCIÓN DEL TÍTULO
Título Enseigner et apprendre,
Resto del título Arts Vivants
260 ## - PUBLICACIÓN, DISTRIBUCIÓN, ETC.
Lugar de publicación, distribución, etc. Paris-Bruxelles
Nombre del editor, distribuidor, etc. Lebeer Hossmann
Fecha de publicación, distribución, etc. 2000
300 ## - DESCRIPCIÓN FÍSICA
Extensión 262 p
Dimensiones 21 cm
650 ## - PUNTO DE ACCESO ADICIONAL DE MATERIA--TÉRMINO DE MATERIA
Término de materia o nombre geográfico como elemento de entrada Enseignement-methodes experimentales (enseąnza-metodos experimentales)
Subdivisión general Cage, John
-- Beuys, Joseph
-- Roth, Dieter
-- Arte (sistema-gobierno-montajes)
9 (RLIN) 1257
700 ## - ENTRADA AGREGADA--NOMBRE PERSONAL
Nombre de persona Robert Filliou
9 (RLIN) 1258
Holdings
Estatus retirado Estado de pérdida Fuente del sistema de clasificación o colocación Estado de daño No para préstamo Biblioteca de origen Biblioteca actual Ubicación en estantería Fecha de adquisición Total de préstamos Signatura topográfica completa Código de barras Visto por última vez Precio de reemplazo Tipo de ítem Koha
    Clasificación Decimal Dewey     Biblioteca LadoV Biblioteca LadoV   14/08/2014   707 F486e 003995 14/08/2014 14/08/2014 Material 01